Ninjas de fiction - Statistiques

Statistiques générales
  • Ce quiz a été pris 23 fois
    18 depuis la dernière actualisation
  • Le résultat moyen est 4 sur 15
Statistiques - réponses
Ninja de fiction Univers % Correct
Kakashi Hatake Naruto
100%
Raizo de la Brume One Piece
59%
Shredder Tortues Ninja
47%
Tengen Uzui Demon Slayer
41%
Sonic le Foudroyant One Punch Man
41%
Kai le Maître du Feu Ninjago
35%
Gabimaru "le Vide" Hell's Paradise
29%
Sektor Mortal Kombat
24%
Geki Street Fighter
24%
Genji Shimada Overwatch
12%
Yoshimitsu Tekken
12%
Raiden Metal Gear
6%
Ryu Hayabusa Ninja Gaiden
6%
Eizan Kaburagi Shuriken School
6%
Flétan Re:Zero
0%
Aucun quiz correspondant
Distribution des résultats
% des personnes avec chaque résultat
Percentile par nombre de réponses
Votre historique - résultats
Vous n’avez pas pris ce quiz depuis la dernière actualisation